000 00598nam a22002417a 4500
001 31714
003 UA-OsUOA
005 20220702123232.0
007 ta
008 20050111b un ||||| |||| 00| 0 ukr d
040 _aUA-OsUOA
_brus
_cUA-OsUOA
_dUA-OsUOA
041 _arus
044 _aRU
080 _a94(450)
090 _a94(450)
_bЛ76
100 _aЛонго Л.
245 _aНарод Италии в борьбе
260 _aМосква
_bИзд-во Иностранной литературы
_c1952
300 _a394 с.
650 7 _2UDC
942 _cBK
_2udc
955 _a0
999 _c318144
_d318144